A propósito de Lady Chatterley.
Guardado en:
| Autor principal: | |
|---|---|
| Otros Autores: | |
| Formato: | Desconocido |
| Publicado: |
Madrid, España:
Funambulista,
2023.
|
| Edición: | Primera edición. |
| Colección: | Grandes Clásicos.
|
| Materias: | |
| Etiquetas: |
Agregar Etiqueta
Sin Etiquetas, Sea el primero en etiquetar este registro!
|
MARC
| LEADER | 00000 a2200000 4500 | ||
|---|---|---|---|
| 003 | CL-VaPUC | ||
| 005 | 20240705104541.0 | ||
| 008 | 240621t2023 ||||| |||| 00| 0 eng d | ||
| 999 | |c 444016 |d 444014 | ||
| 020 | |a 9788412658743 | ||
| 040 | |c Pontificia Universidad Católica de Valparaíso | ||
| 082 | 7 | |a 823 LAW 2023 |2 22 | |
| 100 | |a Lawrence, David Herbert |9 303256 |d 1885-1930 |e autor | ||
| 245 | 1 | 2 | |a A propósito de Lady Chatterley. |
| 250 | |a Primera edición. | ||
| 260 | |a Madrid, España: |b Funambulista, |c 2023. | ||
| 300 | |a 128 páginas. | ||
| 490 | |a Grandes Clásicos. | ||
| 583 | |c 20240621 | ||
| 650 | |a Cuentos eróticos ingleses |x Historia y crítica |9 889668 | ||
| 650 | |a Adulterio en la literatura |9 889669 | ||
| 700 | |a Ruiz Martín, Javier |e traducción |e posfacio |9 889670 | ||
| 942 | |2 ddc |c BK | ||
| 952 | |0 0 |1 0 |2 ddc |4 0 |6 823_000000000000000_LAW_2023 |7 0 |8 A |9 595163 |a BIBART |b BIBART |d 2024-06-21 |e 135 |g 16470.00 |i 5661597 |o 823 LAW 2023 |p 5661597 |r 2025-03-13 |t 1 |v 16470.00 |w 2024-06-21 |y BK |k ART | ||